000 00540nam a2200181Ia 4500
003 GCL
008 140319s9999 xx 000 0 ara d
040 _aGCL /
_cGCL
082 0 4 _a811.094
_bم د
100 1 _aمحمد ابراهيم
245 1 0 _aالدبابير والديناصورات : الجزء الاول /
_cمحمد ابراهيم
700 1 _aمحمد العجمى
300 _a95 ص
490 _a
650 0 4 _aالادب العربى
650 0 4 _aالشعر العربى - العصر الحديث
942 _2ddc
_cBK
999 _c47236
_d47236